A Study on Verbs of Consumption in English and Vietnamese / Consumption

Đã lưu trong:
書目詳細資料
主要作者: Mai Ngọc Thu Tâm
格式: 未知
語言:English
出版: 2006.
主題:
標簽: 添加標簽
沒有標簽, 成為第一個標記此記錄!
Thư viện lưu trữ: Mạng thư viện Đại học Đà Nẵng
LEADER 01152na a2200313 4500
001 000030873
003 4801
005 20221124101657.0
008 151001s2006 000 eng
040 |a LNN 
041 |a ENG 
082 |a 420.33  |b MA-T  |2 Consumption 
100 |a Mai Ngọc Thu Tâm 
245 2 |a A Study on Verbs of Consumption in English and Vietnamese /  |c Mai Ngọc Thu Tâm  |n Consumption 
260 |c 2006. 
300 |a 106tr. : mh ; 30cm. 
650 |a A Study on Verbs of Consumption in English and Vietnamese, Consumption, bank, Mai Ngọc Thu Tâm, 2006 
852 |c Luận văn Thạc sĩ 
OWN |a LNN 
AVA |a UDN50  |b LNN  |c English  |d 420.33 MA-T  |e available  |t Error 5001 Not defined in file expand_doc_bib_avail.  |f 1  |g 0  |h N  |i 0  |j AN  |k 1 
999 |a From the UDN01 
AVA |a UDN50  |b LNN  |c English  |d 420.33 MA-T  |e available  |t Error 5001 Not defined in file expand_doc_bib_avail.  |f 1  |g 0  |h N  |i 0  |j AN  |k 1 
TYP |a Printed language 
980 |a Mạng thư viện Đại học Đà Nẵng